Statistiques concernant Les films avec des sorciers

Cliquez ici pour prendre le quiz!

Statistiques générales

  • Ce quiz a été pris 139 fois
  • Le résultat moyen est 9 sur 20

Statistiques - réponses

Réponse% Correct
Harry Potter à l'école des sorciers
100%
Kirikou et la Sorcière
97%
Blanche-Neige et les Sept Nains
93%
Le Seigneur des Anneaux - La Communauté de l'anneau
87%
Merlin l'Enchanteur
83%
Doctor Strange in the Multiverse of Madness
75%
Le Monde de Narnia : Le Lion, la Sorcière blanche et l'Armoire magique
74%
Rebelle
71%
Le Magicien d'Oz
62%
Kiki la petite sorcière
42%
Hocus Pocus 2
36%
Coraline
22%
L'Apprenti sorcier
19%
The Witch
15%
Monty Python : Sacré Graal !
9%
Excalibur
7%
Sleepy Hollow
7%
Dark Shadows
4%
Big Fish
3%
Sublimes Créatures
2%

Distribution des résultats

Percentile par nombre de réponses

% des personnes avec chaque résultat

Votre développement - résultats

Vous n’avez pas pris ce quiz